00923nam a22002417a 45000010005000000030006000050050017000110080041000280200018000690400029000870500018001160820010001341000036001442450059001802600045002393000037002844900028003215050007003495200241003565210027005975210018006246500039006429396FISKH20251219083133.0251219b cb ||||| |||| 00| 0 eng d a9780713624236 aFISKHbengcFISKHdFISKH aDT878.Z9 M355 a968.4 aMcKenna, Nancy Durrell eAuthor aA Zulu family :bSouth Africa /cNancy Durrell McKenna aLondon :bAdam and Charles Black ,c1984 a25 pages :bphotographs ;c22 cm aFamilies the world over aR  aPresents the experiences of an eleven-year-old Zulu girl and her family living in the South African homeland of Kwazulu , describing the work of her relatives and neighbors, her chores and schoolwork, and her pride in her Zulu heritage.8 a700 bLexile estimate 8 aR bRaz-Plus  aInformationalvJuvenile nonfiction